000 00296nam a22001217a 4500
008 260116b ||||| |||| 00| 0 eng d
041 _aeng
080 _8001
_a0001
100 _a22
101 _amarke
245 _aThe Accounting Review
_cShanom w Amderson, Lanen , Lisa Orie
942 _2udc
_cBK
999 _c60751
_d60751